000 01068nam a2200301 a 4500
001 67635
003 BD-RjUL
005 20211209081658.0
008 170328s19521959enka b 001 0 eng d
035 _a(BD-RjUL)67844
040 _aNUN
_beng
_cNUN
_dABN-SNR
_dBD-RjUL
041 _aeng
082 0 4 _a539.7
_223
_bMOT 1952
100 1 _aMott, N. F.
_q(Nevill Francis),
_d1905-
_9155892
245 1 4 _aThe theory of atomic collisions /
_cby N.F. Mott and H.S.W. Massey.
250 _a2nd ed.
260 _aOxford :
_bClarendon Press,
_c1949 [reprinted 1952]
300 _axv, 388 p. :
_bill. ;
_c25 cm.
504 _aIncludes bibliographical references and index.
650 0 _aElectrons.
_9163105
650 0 _aCollisions (Nuclear physics)
_9200533
650 0 _aAtoms.
_9200534
650 0 _aQuantum theory.
_9200535
700 1 _aMassey, Harrie,
_cSir,
_d1908-1983.
_9200536
856 _3International series of monographs on physics (Oxford, England)
942 _2ddc
_cBK
999 _c67635
_d67635